Регионална библиотека "Любен Каравелов" - Русе

От Космоса срещу екологичните катастрофи (Запис номер 57099)

MARC детайли
000 -Лидер
Контролно поле с фиксирана дължина nam a22 a 4500
003 - Код на организацията, давaща контролен номер
Контролно поле BLK
005 - Дата и час на последна редакция
Контролно поле 20230420131503.0
008 - Елементи от данни с фиксирана дължина
fixed length control field 180408b bul|||||r ||||||| ||bul||
010 ## - Наследен системен номер
LC control number KNG00061089000
020 ## - Международен стандартен номер на книга ISBN
Международен стандартен номер на книга ISBN 954-430-168-2
040 ## - Източник на каталожния запис
Идентификатор на билиотеката - собственик на записа BLK
041 ## - Код за език
Код за езика на текст/звукозапис или на отделно заглавие Български
Код за езика КДБФ Български
080 ## - УДК
Текстов определител УДК Природа. Изучаване и опазване на природната среда. Опазване на растителния и животинския свят. Вж и 55/59
УДК код - определител по УДК 502
УДК - код + определител 502
100 1# - Редна дума - Автор
Автор Мардиросян, Гаро
Авторска отговорност първи автор
R(LIN) 287343
139 ## - Редно поле
Редна дума Мардиросян, Гаро
Авторски знак Мар - М 29
245 10 - Сведения за заглавието
Заглавие От Космоса срещу екологичните катастрофи
Подзаглавни данни Моногр.
Редно поле (дума) Гаро Мардиросян.
257 ## - Страна на издаване
Страна на създаване/издаване България
260 ## - Област на издателските данни
Място на издаване, разпространение и проч. София
Име на издателя, разпространителя и проч. БАН
Година на издаване 1993
Издателство - префикс ISBN 954-430-167-4
300 ## - Физическа характеристика
Страници 211 с.
Размери/Мащаб 20 см
380 ## - Жанр
Жанр Естествени науки. Математика
650 #4 - Допълнително описание по предмет – тема
Основно описание – тема или топоним Околна среда - опазване
9 (RLIN) 244652
650 #4 - Допълнително описание по предмет – тема
Основно описание – тема или топоним Природа - защита
9 (RLIN) 244653
650 #4 - Допълнително описание по предмет – тема
Основно описание – тема или топоним Екология
9 (RLIN) 154468
650 #4 - Допълнително описание по предмет – тема
Основно описание – тема или топоним Космически изследвания
9 (RLIN) 247375
653 ## - Ключова дума – ненормативна
Ключова дума околна среда
653 ## - Ключова дума – ненормативна
Ключова дума природа
653 ## - Ключова дума – ненормативна
Ключова дума екология
653 ## - Ключова дума – ненормативна
Ключова дума космически изследвания
852 ## - Местоположение
Форматна сигнатура Цб 173275
Фондова буква Хранилище
856 4# - Електронен адрес и достъп
Електронен формат pdf - файл
Инструкция (цена за достъп) 0.00
Права за достъп disable
856 4# - Електронен адрес и достъп
Електронен формат pdf - файл
Инструкция (цена за достъп) 0.00
Права за достъп disable
999 ## - СИСТЕМНИ КОНТРОЛНИ НОМЕРА
Koha biblionumber 57099
Koha biblioitemnumber 57099
942 ## - АРТИКУЛИ
Вид на библиотечния материал Книги
Скрит в OPAC Не
Периодичен библиозапис Да
944 ## - СЪЗДАВАНЕ И РЕДАКЦИЯ на ЗАПИСА
Създаване/Редакция Създаване
Дата на регистрацията/редакция 13.06.2004
Служител, извършил регистрацията/редакцията Читалня
944 ## - СЪЗДАВАНЕ И РЕДАКЦИЯ на ЗАПИСА
Създаване/Редакция Редакция
Дата на регистрацията/редакция 26.09.2017
Служител, извършил регистрацията/редакцията Севдалина_Василева
999 ## - СИСТЕМНИ КОНТРОЛНИ НОМЕРА
Koha biblioitemnumber 57099
Наличности
Код за отписване Код за изгубен артикул Източник на класификационната схема Код за повреда Коз за рестрикции Код за отдаване Артикулен № Име на библиотеката - собственик Име на библиотеката, в която се намира в момента Статус (Текущо местоположение) Дата на вписване в системата Местоположение - отдел Цена в лева Инвентарен номер Систематично азбучна сигнатура Баркод Номер на екземпляра Цена в евро Служебна бележка Служебен тип на артикула Бележка за публиката
Изтеглен Не е изгубен Universal Decimal Classification Не е повреден без рестрикции ползва се в читалня 91853 Регионална библиотека "Любен Каравелов" Русе Регионална библиотека "Любен Каравелов" Русе Читалня 1993-01-01 Читалня 2.31 609788 Ч 502/М 29 609788 1 1.18 Дата инв: 15.03.2017 Бележки инв: Ч2017 Книги  
  Не е изгубен Universal Decimal Classification Не е повреден без рестрикции ползва се в читалня 91854 Регионална библиотека "Любен Каравелов" Русе Регионална библиотека "Любен Каравелов" Русе Хранилище 1993-01-01 Хранилище 0.97 580296 Цб 173275 120000580296 2 0.50 Вид: Сф N: Сф Дата: 01.01.1993 Книги  
Изтеглен Не е изгубен   Не е повреден без рестрикции заемане за дома 91855 Регионална библиотека "Любен Каравелов" Русе Регионална библиотека "Любен Каравелов" Русе   1993-01-01 Детски отдел 2.30 609789 ДН 50/М 29 609789 3 1.18 Вид: Сф N: Сф Дата: 01.01.1993 Дата инв: 30.09.2015 Бележки инв: Д2015 Книги Отч.N: 39/2017 , Дата: 07.09.2017
Изтеглен Не е изгубен Universal Decimal Classification Не е повреден без рестрикции заемане за дома 91856 Регионална библиотека "Любен Каравелов" Русе Регионална библиотека "Любен Каравелов" Русе Заемна - подръчен фонд 1993-01-01 Заемна - подръчен фонд 1.94 630489 П 502/М 29 630489 4 0.99 Вид: Сф N: Сф Дата: 01.01.1993 Книги  
Изтеглен Не е изгубен Universal Decimal Classification Не е повреден без рестрикции заемане за дома 91857 Регионална библиотека "Любен Каравелов" Русе Регионална библиотека "Любен Каравелов" Русе Заемна - подръчен фонд 1993-01-01 Заемна - подръчен фонд 2.30 630490 П 502/М 29 630490 5 1.18 Вид: Сф N: Сф Дата: 01.01.1993 Дата инв: 08.02.2018 Бележки инв: П2018 Книги  
Vip Innovations Ltd, Rousse, Bulgaria 2025